Statistics for tristan quiz

Click here to take the quiz!

General Stats

  • This quiz has been taken 2 times
  • The average score is 8 of 15

Answer Stats

HintAnswer% Correct
Tristan favorite colorgreen
100%
Tristan sweatiest gameminecraft
100%
Tristans age14
50%
Tristan mostest favorite classbroadcast
50%
Tristans middle namejavier
50%
Who does Tristan loveJenna Ortega
50%
Is Tristan the best personNo
50%
Tristan least favorite classpiano
50%
Tristans last nametombs
50%
Tristans nametristan
50%
Is Tristan perfectyes
50%
Is Jenna Ortega the best personYes
50%
Is Tristan better than youYes
50%
Game Tristan beat Gavin inchess
0%
Tristans nickname in algebratimmy
0%

Score Distribution

Percentile by Number Answered

Percent of People with Each Score

Your Score History

You have not taken this quiz